| 000 | 01074nam0a22002651 4500 | ||
|---|---|---|---|
| 001 | rc\2616136 | ||
| 005 | 20250623140436.0 | ||
| 035 | _a(NLR Aleph) 006779889 | ||
| 090 |
_a6033077 _c6033077 |
||
| 100 | _a20110914d1931 |||y0rusy50 ca | ||
| 101 | 0 | _arus | |
| 102 | _aRU | ||
| 105 | _ay z ||||| | ||
| 200 | 1 |
_aТруд и быт кустарей национальных районов _eКонспект к серии кинопленочных диапозитивов _fСоставил Г. Дзагуров _gВсерос. союз промысл. кооп-ции. Культмассовый сектор |
|
| 210 |
_aМосква _cКоиз _d1931 _g8-я тип. "Мосполиграф" |
||
| 215 |
_a28 с. _d15х10 см. |
||
| 300 | _aПредисловие: Б. Шмейлин | ||
| 300 | _aНа обл. составитель не указан | ||
| 700 | 1 |
_aДзагуров _bГ.А. _gГригорий Алексеевич |
|
| 801 | 0 |
_aRU _bNLR _gpsbo |
|
| 801 | 1 |
_aRU _bELAR _2rusmarc |
|
| 852 |
_aNLR _j31-8/5438 |
||
| 942 | _cBOOK | ||
| 980 | _aNB | ||